000 00330nam a2200145Ia 4500
008 100122s9999 xx 000 0 und d
082 _b60176
_a823
100 _aMARTINI STEVE
245 _aTHE JURY
260 _bHEADLINE BOOK PUBLISHING
_c2001
300 _a311
630 _aTHE JURY
730 _aTHE JURY
942 _cBOOK
999 _c377876
_d377873